00949cam a2200241 a 450000100100000000500170001000800410002702000150006804000230008308200200010610000370012624500450016326001210020830000280032949000380035765000360039565000480043183000470047991000340052604900090056095201230056999900150069200000599320200929151856.0860827s1988 pr a 001 p spa  a0865813906 aDO-SdBNPcDLCdDLC aPR861.44bC837d1 aCosta, Marithelma.d1955-91688610aDe tierra y de agua /cMarithelma Costa. aSan Juan (Puerto Rico) :bInstituto de Cultura Puertorriquñna ;bDivisión de Publicaciones y Grabaciones,c1988. a107 p. :bil. ;c18 cm.1 aLetras contemporáneasaPoesía 4aPoesía puertorriqueña91015 4aLiteratura puertorriqueñaySIGLO XX95311 0aLetras contemporáneas,pPoesía.916887 aCatalogación por copia / LC aBNGR 001052708MOaGRbGRcCTd2009-08-25iLF1l0oPR861.44 C837dp5993-10r2020-06-25w2020-06-25y2ZPréstamo interno c5789d5789